| 000 | 00517nam a2200205Ia 4500 | ||
|---|---|---|---|
| 003 | LK-CoDNM | ||
| 008 | 010623t1923 xxu||||| |||| 00| 1 sin d | ||
| 040 |
_aLK-CoDNM _dLK-CoDNM _eLK-CoDNM |
||
| 041 | _asin | ||
| 080 | _a104 E.17 | ||
| 100 |
_aMalalaseekara,G.P _eed. |
||
| 245 | _aධර්ම ධවජය | ||
| 246 | _aDharma Dhvajaya | ||
| 260 |
_bG.P Malalaseekara _aColombo _c1923 |
||
| 300 | _b42p., 21 cm | ||
| 650 | _aPadhana Suttraya | ||
| 650 | _aPoson Festival | ||
| 650 | _aReligion | ||
| 942 | _cBK | ||
| 999 |
_c91786 _d91786 |
||